[Event "FRA-chT1 1011"]
[Site "France"]
[Date "2010.10.17"]
[Round "1.1"]
[White "Inkiov, Ventzislav"]
[Black "Salaun, Yann"]
[Result "1/2-1/2"]
[WhiteElo "2477"]
[BlackElo "2329"]
[PlyCount "111"]
[EventDate "2010.10.17"]
[EventType "team-tourn"]
[EventRounds "11"]
[EventCountry "FRA"]
[SourceTitle "EXT 2012"]
[Source "ChessBase"]
[SourceDate "2011.11.24"]
[SourceVersion "1"]
[SourceVersionDate "2011.11.24"]
[SourceQuality "1"]

1. e4 Nf6 2. Nc3 d5 3. e5 Ne4 4. Nf3 Bg4 5. h3 Bh5 6. g4 Bg6 7. Ne2 e6 8. d3 Nc5 9. Nf4 Ncd7 10. h4 h6 11. Nxg6 fxg6 12. d4 Be7 13. Bd3 Nf8 14. c3 c5 15. Qc2 Nc6 16. Bxg6+ Nxg6 17. Qxg6+ Kd7 18. dxc5 Qc7 19. Be3 Raf8 20. Nd4 Qxe5 21. Nxc6 Kxc6 22. 0-0-0 Bxc5 23. Bxc5 Kxc5 24. Rhe1 Qf6 25. Rxe6 Qxg6 26. Rxg6 Rf7 27. f4 Re8 28. f5 Re5 29. h5 a5 30. Rd2 Re4 31. Kc2 Rfe7 32. f6 gxf6 33. Rxh6 Rxg4 34. Rxf6 Rh4 35. Rf5 Rd7 36. a4 Kc6 37. Kb3 Rd6 38. Rg2 Kc5 39. Rg7 Rb6+ 40. Ka3 Rh1 41. b4+ axb4+ 42. cxb4+ Rxb4 43. Rc7+ Kb6 44. Rxb7+ Kxb7 45. Kxb4 d4 46. Kc4 Rh4 47. Kd3 Ka7 48. a5 Kb7 49. Kc4 Ka6 50. Rd5 Kb7 51. Kb5 d3 52. a6+ Ka7 53. Rd7+ Ka8 54. Kb6 Rb4+ 55. Kc5 Rh4 56. Kb6 1/2-1/2

[Event "Paris-ch int"]
[Site "Paris"]
[Date "2009.07.10"]
[Round "7"]
[White "Satyapragyan, Swayangsu"]
[Black "Salaun, Yann"]
[Result "1-0"]
[WhiteElo "2423"]
[BlackElo "2329"]
[PlyCount "89"]
[EventDate "2009.07.04"]
[EventType "swiss"]
[EventRounds "9"]
[EventCountry "FRA"]
[SourceTitle "CBM 131 Extra"]
[Source "ChessBase"]
[SourceDate "2009.09.03"]
[SourceVersion "2"]
[SourceVersionDate "2009.09.16"]
[SourceQuality "1"]

1. e4 c5 2. Nc3 Nc6 3. Nf3 e6 4. d4 cxd4 5. Nxd4 a6 6. Nxc6 bxc6 7. Bd3 d6 8. 0-0 Nf6 9. b3 Be7 10. Bb2 0-0 11. Qe2 e5 12. Na4 Bg4 13. f3 Bc8 14. f4 Bg4 15. Qf2 exf4 16. Qxf4 Be6 17. e5 Nd5 18. Qe4 g6 19. Rad1 Bg5 20. Rde1 Re8 21. exd6 f6 22. Qd4 Bf7 23. Be4 Qxd6 24. c4 Bf4 25. Rxf4 Qxf4 26. cxd5 cxd5 27. Rf1 Qe5 28. Bd3 Qe3+ 29. Qxe3 Rxe3 30. Nc5 d4 31. Rd1 Rd8 32. Bxa6 Re5 33. Rc1 h5 34. a4 Rxc5 35. Rxc5 d3 36. Bc1 d2 37. Bxd2 Rxd2 38. Bc4 Bxc4 39. Rxc4 Kf7 40. a5 Ke6 41. a6 Rd8 42. Rc6+ Ke5 43. b4 Rd2 44. a7 Rd8 45. b5 1-0

[Event "Paris-ch int"]
[Site "Paris"]
[Date "2009.07.08"]
[Round "5"]
[White "Rathnakaran, Kantholi"]
[Black "Salaun, Yann"]
[Result "1/2-1/2"]
[WhiteElo "2428"]
[BlackElo "2329"]
[PlyCount "131"]
[EventDate "2009.07.04"]
[EventType "swiss"]
[EventRounds "9"]
[EventCountry "FRA"]
[SourceTitle "CBM 131 Extra"]
[Source "ChessBase"]
[SourceDate "2009.09.03"]
[SourceVersion "2"]
[SourceVersionDate "2009.09.16"]
[SourceQuality "1"]

1. e4 c5 2. Nf3 d6 3. c3 Nf6 4. Bd3 Nc6 5. Bc2 Bg4 6. d3 g6 7. Nbd2 Bg7 8. h3 Bxf3 9. Nxf3 0-0 10. 0-0 Qc7 11. Be3 Rac8 12. Qd2 Rfd8 13. Rac1 d5 14. exd5 Nxd5 15. Bxc5 Qa5 16. Ba3 Nxc3 17. Bb3 Nb5 18. Qf4 e6 19. Rc5 Qc7 20. Qh4 Nbd4 21. Bd1 Nf5 22. Qe4 Bf8 23. Rc3 Bxa3 24. Rxa3 Qd6 25. g4 Nfe7 26. Be2 Nd5 27. Rd1 b6 28. d4 Qf4 29. Qxf4 Nxf4 30. Ba6 Rb8 31. Bb5 Nb4 32. Rxa7 Ra8 33. Rxa8 Rxa8 34. a3 Nxh3+ 35. Kg2 Nf4+ 36. Kg3 Nbd5 37. Rc1 Kf8 38. Ne5 g5 39. Kf3 Ke7 40. Rc6 h5 41. gxh5 Rh8 42. Nd3 Nxh5 43. a4 f5 44. b4 g4+ 45. Kg2 g3 46. fxg3 Rg8 47. a5 bxa5 48. bxa5 Nxg3 49. Kf3 Ne4 50. Bc4 Rg3+ 51. Ke2 Ndc3+ 52. Kf1 Nd2+ 53. Kf2 Nce4+ 54. Ke2 Rg2+ 55. Ke3 Nxc4+ 56. Rxc4 Rg3+ 57. Ke2 Rg2+ 58. Ke3 Ra2 59. Nc5 Nd6 60. Ra4 Rxa4 61. Nxa4 Nc4+ 62. Kf4 Nxa5 63. d5 exd5 64. Nb6 d4 65. Kxf5 Kd6 66. Ke4 1/2-1/2

[Event "Paris-ch int"]
[Site "Paris"]
[Date "2009.07.07"]
[Round "4"]
[White "Salaun, Yann"]
[Black "Karavade, Eesha"]
[Result "1/2-1/2"]
[WhiteElo "2329"]
[BlackElo "2386"]
[PlyCount "70"]
[EventDate "2009.07.04"]
[EventType "swiss"]
[EventRounds "9"]
[EventCountry "FRA"]
[SourceTitle "CBM 131 Extra"]
[Source "ChessBase"]
[SourceDate "2009.09.03"]
[SourceVersion "2"]
[SourceVersionDate "2009.09.16"]
[SourceQuality "1"]

1. d4 Nf6 2. c4 g6 3. Nc3 d5 4. Bg5 Ne4 5. Bh4 Nxc3 6. bxc3 dxc4 7. e3 Be6 8. Be2 Bg7 9. Nh3 Bxh3 10. gxh3 0-0 11. Rb1 Nd7 12. Rxb7 Qc8 13. Bf3 c5 14. Bxe7 Re8 15. Bd6 cxd4 16. cxd4 Nb6 17. Bg3 Qxh3 18. Bc6 Re6 19. Qf3 Rf6 20. Qg2 Qf5 21. 0-0 Rc8 22. d5 c3 23. e4 Qh5 24. e5 Rf3 25. Rxb6 axb6 26. d6 Rd3 27. d7 Rd8 28. Qe4 Qf5 29. Qxf5 gxf5 30. Rc1 Bh6 31. f4 Bf8 32. Bf2 Bc5 33. a4 R8xd7 34. Bxd7 Rxd7 35. Rxc3 Rd1+ 1/2-1/2

[Event "Paris-ch int"]
[Site "Paris"]
[Date "2009.07.06"]
[Round "3"]
[White "Del Rey, Diego"]
[Black "Salaun, Yann"]
[Result "0-1"]
[WhiteElo "2420"]
[BlackElo "2329"]
[PlyCount "138"]
[EventDate "2009.07.04"]
[EventType "swiss"]
[EventRounds "9"]
[EventCountry "FRA"]
[SourceTitle "CBM 131 Extra"]
[Source "ChessBase"]
[SourceDate "2009.09.03"]
[SourceVersion "2"]
[SourceVersionDate "2009.09.16"]
[SourceQuality "1"]

1. d4 Nf6 2. c4 e6 3. Nf3 b6 4. Bf4 Ba6 5. e3 Bb4+ 6. Nfd2 0-0 7. Bd3 d5 8. 0-0 c5 9. dxc5 bxc5 10. Qc2 Nbd7 11. Nf3 Re8 12. Ne5 Nxe5 13. Bxe5 Nd7 14. Bg3 Qf6 15. Rd1 Nb6 16. cxd5 Bxd3 17. Rxd3 exd5 18. Nc3 d4 19. Nb5 dxe3 20. Rxe3 Rxe3 21. fxe3 c4 22. Nd4 g6 23. Rf1 Qg5 24. Bf4 Qd5 25. Qf2 Re8 26. Bh6 Bf8 27. Bxf8 Rxf8 28. Qf6 Nd7 29. Qe7 Ne5 30. Qxa7 Ra8 31. Qb6 Rxa2 32. e4 Qa8 33. h3 Qe8 34. Qb4 Ra8 35. Ne2 Rb8 36. Qc3 Rb3 37. Qd4 Rd3 38. Qc5 Rd2 39. Nc3 Qb8 40. Qe7 Rxb2 41. Nd5 Rb7 42. Qh4 Kg7 43. Qf6+ Kg8 44. Kh1 h6 45. Qf4 Rb1 46. Rxb1 Qxb1+ 47. Kh2 Qb8 48. Kh1 Kh7 49. Qc1 Qd6 50. Qa1 h5 51. Qd4 g5 52. Qf2 Kh6 53. h4 Ng4 54. hxg5+ Kxg5 55. Qd2+ Kh4 56. Qe1+ Qg3 57. Qxg3+ Kxg3 58. Kg1 Ne5 59. Kf1 h4 60. Nc3 Nd3 61. Ne2+ Kg4 62. Kg1 Nf4 63. Nd4 Ne6 64. Ne2 Nc5 65. Kf2 Nxe4+ 66. Ke3 f5 67. Kd4 c3 68. Kd3 h3 69. gxh3+ Kxh3 0-1

[Event "Paris-ch int"]
[Site "Paris"]
[Date "2009.07.05"]
[Round "2"]
[White "Salaun, Yann"]
[Black "Sethuraman, SP."]
[Result "0-1"]
[WhiteElo "2329"]
[BlackElo "2455"]
[PlyCount "70"]
[EventDate "2009.07.04"]
[EventType "swiss"]
[EventRounds "9"]
[EventCountry "FRA"]
[SourceTitle "CBM 131 Extra"]
[Source "ChessBase"]
[SourceDate "2009.09.03"]
[SourceVersion "2"]
[SourceVersionDate "2009.09.16"]
[SourceQuality "1"]

1. d4 Nf6 2. c4 e6 3. Nc3 Bb4 4. e3 0-0 5. Bd3 d5 6. Nge2 dxc4 7. Bxc4 e5 8. 0-0 Nc6 9. a3 Bd6 10. d5 Ne7 11. Nb5 Bc5 12. b4 Bb6 13. d6 Nf5 14. dxc7 Qe7 15. Ng3 Nxg3 16. hxg3 Bxc7 17. Nxc7 Qxc7 18. Qb3 b5 19. Bxb5 Be6 20. Qb1 Bd5 21. Bd3 Qb7 22. Re1 Bxg2 23. e4 Bf3 24. Re3 Bg4 25. Ra2 Rfd8 26. f3 Be6 27. Rh2 Rac8 28. Kh1 Bc4 29. Bb2 Qb6 30. Rhe2 Nh5 31. Kg2 Nf4+ 32. gxf4 exf4 33. Bxc4 fxe3 34. Bd5 Qg6+ 35. Kh1 Rxd5 0-1

[Event "Paris-ch op"]
[Site "Paris"]
[Date "2008.07.06"]
[Round "9"]
[White "Spielmann, Alain"]
[Black "Salaun, Yann"]
[Result "0-1"]
[WhiteElo "2308"]
[BlackElo "2319"]
[PlyCount "78"]
[EventDate "2008.06.28"]
[EventType "swiss"]
[EventRounds "9"]
[EventCountry "FRA"]
[SourceTitle "CBM 125 Extra"]
[Source "ChessBase"]
[SourceDate "2008.09.01"]
[SourceVersion "1"]
[SourceVersionDate "2008.09.01"]
[SourceQuality "1"]

1. Nf3 Nf6 2. c4 e6 3. Nc3 d5 4. e3 c5 5. d4 Nc6 6. a3 a6 7. Bd3 Be7 8. 0-0 0-0 9. cxd5 exd5 10. dxc5 Bxc5 11. b4 Ba7 12. b5 axb5 13. Nxb5 Bb8 14. Bb2 Qe7 15. Rc1 Ne4 16. Be2 Rd8 17. Rc2 Ra6 18. Nbd4 Nxd4 19. Qxd4 Rg6 20. Ne5 Rg5 21. f4 Bxe5 22. fxe5 Bg4 23. Bd3 Be6 24. Rfc1 Rg4 25. Qb6 h5 26. Bd4 Ra8 27. Bxe4 dxe4 28. Bc5 Qg5 29. Qxb7 Rc8 30. Qb2 h4 31. Bd4 Ra8 32. Qb4 h3 33. Qb2 hxg2 34. Rxg2 Rxa3 35. Rxg4 Qxg4+ 36. Qg2 Qh5 37. Qg3 Ra2 38. Rb1 Bh3 39. Kh1 Qf3+ 0-1

[Event "Paris-ch op"]
[Site "Paris"]
[Date "2008.06.28"]
[Round "1"]
[White "Quesada Perez, Yuniesky"]
[Black "Salaun, Yann"]
[Result "1-0"]
[WhiteElo "2567"]
[BlackElo "2319"]
[PlyCount "23"]
[EventDate "2008.06.28"]
[EventType "swiss"]
[EventRounds "9"]
[EventCountry "FRA"]
[SourceTitle "CBM 125 Extra"]
[Source "ChessBase"]
[SourceDate "2008.09.01"]
[SourceVersion "1"]
[SourceVersionDate "2008.09.01"]
[SourceQuality "1"]

1. e4 e5 2. Nf3 Nc6 3. Bb5 a6 4. Ba4 Nf6 5. 0-0 Nxe4 6. d4 Be7 7. Re1 f5 8. dxe5 Nc5 9. c4 Nxa4 10. Qxa4 Nb4 11. Qb3 0-0 12. c5+ 1-0

[Event "FRA-chT1A 0708"]
[Site "France"]
[Date "2007.11.25"]
[Round "3.6"]
[White "Salaun, Yann"]
[Black "Mullon, Jean Baptiste"]
[Result "1/2-1/2"]
[WhiteElo "2322"]
[BlackElo "2339"]
[PlyCount "100"]
[EventDate "2007.10.21"]
[EventType "team"]
[EventRounds "11"]
[EventCountry "FRA"]
[SourceTitle "EXT 2009"]
[Source "ChessBase"]
[SourceDate "2008.11.26"]
[SourceVersion "1"]
[SourceVersionDate "2008.11.26"]
[SourceQuality "1"]
[WhiteTeam "Drancy"]
[BlackTeam "Clichy II"]
[WhiteTeamCountry "FRA"]
[BlackTeamCountry "FRA"]

1. d4 d5 2. Nf3 Nf6 3. c4 c6 4. e3 Bg4 5. Nbd2 e6 6. Bd3 Nbd7 7. 0-0 Bd6 8. Qb3 Qc7 9. h3 Bh5 10. Re1 0-0 11. e4 Bxf3 12. Nxf3 dxe4 13. Bxe4 Nxe4 14. Rxe4 c5 15. Be3 Rac8 16. Rd1 b6 17. Qd3 Nf6 18. Rh4 cxd4 19. Bxd4 e5 20. Bc3 Rfd8 21. Qf5 Re8 22. Ng5 h6 23. Rxh6 gxh6 24. Qxf6 Bf8 25. Ne4 Bg7 26. Qf5 Re6 27. Rd3 Rg6 28. Rd7 Qxc4 29. h4 Qe6 30. Qxe6 Rxe6 31. Rxa7 Rd8 32. h5 f5 33. Nd2 Rf8 34. Nc4 Rf7 35. Ra6 e4 36. Bxg7 Kxg7 37. g3 Rc7 38. Ne3 Rc5 39. b4 Rc1+ 40. Kg2 Rf6 41. a4 Rb1 42. b5 f4 43. gxf4 Rxf4 44. Rxb6 Rb2 45. Rg6+ Kf8 46. Ng4 e3 47. Nxe3 Rbxf2+ 48. Kg1 Re2 49. Ng2 Rxa4 50. Rxh6 Rg4 1/2-1/2

[Event "FRA-chT1A 0708"]
[Site "France"]
[Date "2007.11.24"]
[Round "2.5"]
[White "Salaun, Yann"]
[Black "Amoyal, Pierre"]
[Result "1/2-1/2"]
[WhiteElo "2322"]
[BlackElo "2195"]
[PlyCount "52"]
[EventDate "2007.10.21"]
[EventType "team"]
[EventRounds "11"]
[EventCountry "FRA"]
[SourceTitle "EXT 2009"]
[Source "ChessBase"]
[SourceDate "2008.11.26"]
[SourceVersion "1"]
[SourceVersionDate "2008.11.26"]
[SourceQuality "1"]
[WhiteTeam "Drancy"]
[BlackTeam "Deauville"]
[WhiteTeamCountry "FRA"]
[BlackTeamCountry "FRA"]

1. d4 Nf6 2. c4 g6 3. Nc3 d5 4. cxd5 Nxd5 5. e4 Nxc3 6. bxc3 Bg7 7. Be3 c5 8. Nf3 Qa5 9. Qd2 0-0 10. Rc1 Rd8 11. d5 e6 12. c4 Qxd2+ 13. Nxd2 b6 14. Be2 Na6 15. 0-0 Nb4 16. a3 Na2 17. Rce1 Nc3 18. Bd3 Ba6 19. Bc2 Rac8 20. a4 Na2 21. Bg5 Rd7 22. Bb3 Nb4 23. Re3 Nc6 24. Rfe1 Nd4 25. Bd1 Rf8 26. g4 f6 1/2-1/2

[Event "FRA-chT Top 16 GpB"]
[Site "France"]
[Date "2007.04.29"]
[Round "4.7"]
[White "Bergez, Luc"]
[Black "Salaun, Yann"]
[Result "1-0"]
[WhiteElo "2402"]
[BlackElo "2332"]
[PlyCount "107"]
[EventDate "2007.02.09"]
[EventType "team"]
[EventRounds "11"]
[EventCountry "FRA"]
[SourceTitle "EXT 2008"]
[Source "ChessBase"]
[SourceDate "2007.11.25"]
[SourceVersion "1"]
[SourceVersionDate "2007.11.25"]
[SourceQuality "1"]
[WhiteTeam "Evry"]
[BlackTeam "Drancy"]
[WhiteTeamCountry "FRA"]
[BlackTeamCountry "FRA"]

1. e4 e5 2. Bc4 Nf6 3. d4 exd4 4. Nf3 b5 5. Bxb5 Bb7 6. e5 Ne4 7. 0-0 Bc5 8. Nxd4 0-0 9. Nc3 Qe7 10. Bf4 f5 11. Bc4+ Kh8 12. Nd5 Qf7 13. Ne3 Qg6 14. h4 Nc6 15. c3 Qe8 16. Bd5 Rb8 17. Ndxf5 Nxe5 18. Bxb7 Rxb7 19. Qd5 Nc6 20. Nxg7 Kxg7 21. Nf5+ Rxf5 22. Qxf5 Qe6 23. Qxe6 dxe6 24. Rae1 Nxf2 25. Rxe6 Nh3+ 26. Kh1 Nxf4 27. Rxc6 Nd3 28. Rf3 Nf2+ 29. Kh2 Ne4 30. b4 Bd6+ 31. Kh3 Rb5 32. a4 Rd5 33. c4 Rd3 34. Kg4 Rd4 35. Kf5 Nd2 36. Rc3 Re4 37. c5 Re5+ 38. Kg4 Re4+ 39. Kh3 Be5 40. Rd3 h5 41. Re6 Nc4 42. g3 Ne3 43. Rd7+ Kf8 44. Rh7 Ng4 45. Rxh5 Kf7 46. Rc6 Nf6 47. Rxe5 Rxe5 48. Rxc7+ Ke6 49. Rxa7 Re3 50. c6 Rc3 51. b5 Ne4 52. b6 Rxg3+ 53. Kh2 Rg8 54. Ra8 1-0

[Event "FRA-chT Top 16 GpB"]
[Site "France"]
[Date "2007.02.09"]
[Round "1.7"]
[White "Salaun, Yann"]
[Black "Bellaiche, Antony"]
[Result "1/2-1/2"]
[WhiteElo "2332"]
[BlackElo "2472"]
[PlyCount "86"]
[EventDate "2007.02.09"]
[EventType "team"]
[EventRounds "11"]
[EventCountry "FRA"]
[SourceTitle "CBM 116 Extra"]
[Source "ChessBase"]
[SourceDate "2007.03.07"]
[SourceVersion "1"]
[SourceVersionDate "2007.03.07"]
[SourceQuality "1"]
[WhiteTeam "Drancy"]
[BlackTeam "Paris Chess 15"]
[WhiteTeamCountry "FRA"]
[BlackTeamCountry "FRA"]

1. d4 Nf6 2. c4 e6 3. Nc3 Bb4 4. e3 0-0 5. Bd3 c5 6. Nf3 d5 7. 0-0 Nc6 8. Ne2 cxd4 9. exd4 dxc4 10. Bxc4 Nd5 11. a3 Be7 12. Qd3 b6 13. Bd2 Bb7 14. Rad1 Rc8 15. Rfe1 Bf6 16. Ba2 Nce7 17. Bb1 Ng6 18. Qe4 Qc7 19. Qg4 Be7 20. Ng5 Bxg5 21. Bxg5 f5 22. Qg3 Qxg3 23. hxg3 Kf7 24. Bd3 h6 25. Bd2 Nge7 26. f3 g5 27. Kf2 Rh8 28. Nc3 Nxc3 29. Bxc3 Bd5 30. Ba6 Rc7 31. Rc1 Rd8 32. Rh1 Kg6 33. Rce1 Ng8 34. Bd3 Kg7 35. a4 Nf6 36. a5 h5 37. Ra1 Kg6 38. axb6 axb6 39. Ra6 Rb8 40. Re1 Kf7 41. Bd2 Kg6 42. Bb4 Rbb7 43. Bd6 Rc8 1/2-1/2

[Event "Avoine op 21th"]
[Site "Avoine"]
[Date "2006.07.23"]
[Round "2"]
[White "Gouanelle, Franck"]
[Black "Salaun, Yann"]
[Result "1/2-1/2"]
[WhiteElo "2121"]
[BlackElo "2312"]
[PlyCount "92"]
[EventDate "2006.07.22"]
[EventType "swiss"]
[EventRounds "9"]
[EventCountry "FRA"]
[SourceTitle "EXT 2007"]
[Source "ChessBase"]
[SourceDate "2006.11.23"]
[SourceVersion "1"]
[SourceVersionDate "2006.11.23"]
[SourceQuality "1"]

1. e4 e5 2. Nf3 Nc6 3. Nc3 Bc5 4. Nxe5 Nxe5 5. d4 Bd6 6. dxe5 Bxe5 7. f4 Bxc3+ 8. bxc3 Ne7 9. Bd3 b6 10. 0-0 Bb7 11. Qg4 Kf8 12. f5 h5 13. Qf4 f6 14. e5 d6 15. exd6 Qxd6 16. Qxd6 cxd6 17. Ba3 Rd8 18. Rad1 Kf7 19. Rfe1 Nc8 20. Re3 h4 21. Kf2 Rh5 22. Rde1 Bd5 23. c4 Bc6 24. Rf1 Rg5 25. Rg1 Re8 26. g4 hxg3+ 27. hxg3 Rh5 28. Rxe8 Rh2+ 29. Ke3 Kxe8 30. g4 Rg2 31. Rxg2 Bxg2 32. Be4 Bxe4 33. Kxe4 Kd7 34. g5 Ne7 35. Bb2 Ng8 36. gxf6 gxf6 37. Kd5 Ne7+ 38. Ke4 Ng8 39. Kd5 Nh6 40. Ke4 Ng4 41. Bd4 Kc6 42. Kf4 Ne5 43. Ke4 Nd7 44. Bf2 Nc5+ 45. Kd4 Nd7 46. Ke4 Ne5 1/2-1/2

[Event "Paris-ch"]
[Site "Paris"]
[Date "2006.07.12"]
[Round "7"]
[White "Onkoud, Abdelaziz"]
[Black "Salaun, Yann"]
[Result "0-1"]
[WhiteElo "2427"]
[BlackElo "2312"]
[PlyCount "96"]
[EventDate "2006.07.08"]
[EventType "swiss"]
[EventRounds "9"]
[EventCountry "FRA"]
[SourceTitle "EXT 2007"]
[Source "ChessBase"]
[SourceDate "2006.11.23"]
[SourceVersion "1"]
[SourceVersionDate "2006.11.23"]
[SourceQuality "1"]

1. g3 d5 2. Bg2 c6 3. f4 g6 4. Nf3 Bg7 5. c3 Nd7 6. 0-0 e5 7. fxe5 Nxe5 8. Nxe5 Bxe5 9. d4 Bg7 10. e4 dxe4 11. Bxe4 Be6 12. Bg2 Ne7 13. Nd2 0-0 14. Ne4 Bd5 15. Bg5 Bxe4 16. Bxe4 h6 17. Be3 Nd5 18. Bf2 Qd7 19. Qf3 Rae8 20. Rae1 h5 21. Bc2 b5 22. Rxe8 Rxe8 23. Re1 Rxe1+ 24. Bxe1 Qe6 25. Bd2 Bf6 26. Qe4 Qd7 27. Bd3 Qd8 28. h4 Kg7 29. Kg2 a6 30. Bc2 Qd7 31. Bd1 Ne7 32. Bf3 a5 33. Be3 a4 34. a3 Nd5 35. Bf4 Be7 36. Qe5+ Bf6 37. Qd6 Qxd6 38. Bxd6 g5 39. Be5 Bxe5 40. dxe5 g4 41. Bxd5 cxd5 42. Kf2 Kg6 43. Ke3 Kf5 44. Kd4 Ke6 45. Kc5 Kxe5 46. Kxb5 f5 47. Kxa4 f4 48. gxf4+ Kd6 0-1

[Event "Paris-ch"]
[Site "Paris"]
[Date "2006.07.12"]
[Round "3"]
[White "Zatonskih, Anna"]
[Black "Salaun, Yann"]
[Result "0-1"]
[WhiteElo "2432"]
[BlackElo "2312"]
[PlyCount "90"]
[EventDate "2006.07.08"]
[EventType "swiss"]
[EventRounds "9"]
[EventCountry "FRA"]
[SourceTitle "EXT 2007"]
[Source "ChessBase"]
[SourceDate "2006.11.23"]
[SourceVersion "1"]
[SourceVersionDate "2006.11.23"]
[SourceQuality "1"]

1. d4 d5 2. c4 c6 3. Nc3 Nf6 4. Nf3 a6 5. e3 g6 6. Be2 Bg7 7. 0-0 0-0 8. Qb3 e6 9. Rd1 b5 10. cxb5 axb5 11. a3 Nbd7 12. Na2 Ne4 13. Nb4 Qb6 14. Nd3 Bb7 15. Rb1 Rfb8 16. Bd2 Qd8 17. Bb4 Nb6 18. Qc2 Nc4 19. Ra1 Bf8 20. b3 Ncd6 21. Nd2 Nxd2 22. Qxd2 Ne4 23. Qc2 Bg7 24. Rac1 h5 25. Bf1 Bh6 26. Qe2 Rc8 27. Rc2 Rab8 28. f3 Nd6 29. e4 dxe4 30. fxe4 Nxe4 31. Ne5 c5 32. Bxc5 Qg5 33. Nd7 Bd5 34. Nxb8 Rxb8 35. Rd3 h4 36. Bb4 Qf6 37. Qf3 Bf4 38. Qe2 Kg7 39. Qg4 Rh8 40. Rf3 Qxd4+ 41. Kh1 Ng3+ 42. Rxg3 hxg3 43. h3 e5 44. Bc3 Rxh3+ 45. Qxh3 Qd1 0-1

[Event "FRA-chT Top 16 GpA"]
[Site "France"]
[Date "2006.03.30"]
[Round "4"]
[White "Sebag, Marie"]
[Black "Salaun, Yann"]
[Result "1-0"]
[WhiteElo "2415"]
[BlackElo "2335"]
[PlyCount "79"]
[EventDate "2006.02.03"]
[EventType "team-tourn"]
[EventRounds "7"]
[EventCountry "FRA"]
[SourceTitle "CBM 111 Extra"]
[Source "ChessBase"]
[SourceDate "2006.05.09"]
[SourceVersion "1"]
[SourceVersionDate "2006.05.09"]
[SourceQuality "1"]
[WhiteTeam "Evry"]
[BlackTeam "Drancy"]
[WhiteTeamCountry "FRA"]
[BlackTeamCountry "FRA"]

1. e4 c5 2. c3 e6 3. d4 d5 4. e5 Nc6 5. Nf3 Bd7 6. Be2 Nge7 7. Na3 Ng6 8. h4 cxd4 9. cxd4 Bb4+ 10. Kf1 0-0 11. h5 Nh8 12. h6 g6 13. Nc2 Be7 14. Ne3 f6 15. exf6 Bxf6 16. Ng4 Nf7 17. Bf4 Bh8 18. g3 Nxd4 19. Nxd4 e5 20. Be3 Qe7 21. Kg1 Rad8 22. Rc1 exd4 23. Bxd4 Bxg4 24. Bxg4 Qe4 25. Bxh8 Kxh8 26. f4 Ne5 27. Kh2 Nxg4+ 28. Qxg4 Rf5 29. Rhe1 Qb4 30. Qe2 Qf8 31. Kg2 Qxh6 32. Qe7 Rdf8 33. Rc7 Rh5 34. Kf3 Rhf5 35. Qb4 g5 36. Ree7 Qh1+ 37. Ke2 Qg2+ 38. Kd1 Qh1+ 39. Kc2 Qh2+ 40. Qd2 1-0

[Event "FRA-chT2 0405"]
[Site "France"]
[Date "2005.03.12"]
[Round "8.1"]
[White "Salaun, Yann"]
[Black "Navrotescu, Catalin"]
[Result "1-0"]
[WhiteElo "2329"]
[BlackElo "2400"]
[PlyCount "43"]
[EventDate "2004.10.10"]
[EventType "team"]
[EventRounds "11"]
[EventCountry "FRA"]
[SourceTitle "EXT 2006"]
[Source "ChessBase"]
[SourceDate "2005.11.24"]
[SourceVersion "1"]
[SourceVersionDate "2005.11.24"]
[SourceQuality "1"]
[WhiteTeam "Tours"]
[BlackTeam "Clermont Ferrand"]
[WhiteTeamCountry "FRA"]
[BlackTeamCountry "FRA"]

1. d4 d6 2. e4 g6 3. Nc3 Bg7 4. Be3 c6 5. Nf3 Nd7 6. Bd3 Ngf6 7. 0-0 e5 8. dxe5 dxe5 9. b4 0-0 10. a4 Qe7 11. Qb1 Rd8 12. Bc4 Ng4 13. Bg5 Bf6 14. Bc1 a5 15. bxa5 Nc5 16. h3 h5 17. Ba3 Rd4 18. Nxd4 exd4 19. hxg4 dxc3 20. Qb4 Bxg4 21. Qxc5 Qxe4 22. Bd3 1-0

[Event "FRA-chT2 0405"]
[Site "France"]
[Date "2004.10.10"]
[Round "1"]
[White "Primel, Dominique"]
[Black "Salaun, Yann"]
[Result "0-1"]
[WhiteElo "2127"]
[BlackElo "2336"]
[PlyCount "84"]
[EventDate "2004.10.10"]
[EventType "team"]
[EventRounds "11"]
[EventCountry "FRA"]
[SourceTitle "EXT 2006"]
[Source "ChessBase"]
[SourceDate "2005.11.24"]
[SourceVersion "1"]
[SourceVersionDate "2005.11.24"]
[SourceQuality "1"]
[WhiteTeam "Sautron II"]
[BlackTeam "Tours"]
[WhiteTeamCountry "FRA"]
[BlackTeamCountry "FRA"]

1. Nf3 Nf6 2. c4 e6 3. g3 c5 4. Bg2 Nc6 5. 0-0 d5 6. cxd5 exd5 7. d4 Be7 8. Nc3 0-0 9. Bg5 cxd4 10. Nxd4 Re8 11. Rc1 h6 12. Be3 Bg4 13. h3 Be6 14. Nxc6 bxc6 15. Na4 Qd7 16. Kh2 Bf5 17. Bc5 Bxc5 18. Nxc5 Qe7 19. e3 Rad8 20. Qa4 Rd6 21. Rfd1 Red8 22. Rd4 Nh7 23. b4 Ng5 24. h4 Nh7 25. a3 Nf6 26. Bf3 h5 27. Kg2 Bg4 28. Nd3 Bxf3+ 29. Kxf3 Ne4 30. Kg2 g5 31. Rh1 Rg6 32. hxg5 Qxg5 33. Nf4 Nxg3 34. Nxg6 Nf5+ 35. Kf1 fxg6 36. Rd2 Qf6 37. Kg2 Rf8 38. Rb2 Qg5+ 39. Kf1 Nxe3+ 40. Ke2 Nc4 41. Rc2 Qg4+ 42. Ke1 Qe4+ 0-1

[Event "Paris-ch"]
[Site "Paris"]
[Date "2004.07.11"]
[Round "9"]
[White "Golubev, Mikhail"]
[Black "Salaun, Yann"]
[Result "1-0"]
[WhiteElo "2531"]
[BlackElo "2336"]
[PlyCount "83"]
[EventDate "2004.07.03"]
[EventType "swiss"]
[EventRounds "9"]
[EventCountry "FRA"]
[SourceTitle "CBM 101 Extra"]
[Source "ChessBase"]
[SourceDate "2004.09.01"]
[SourceVersion "2"]
[SourceVersionDate "2004.09.01"]
[SourceQuality "1"]

1. e4 Nf6 2. e5 Nd5 3. d4 d6 4. Nf3 g6 5. Bc4 c6 6. 0-0 Bg7 7. exd6 Qxd6 8. h3 0-0 9. Re1 b5 10. Bb3 Nd7 11. Bxd5 cxd5 12. Qe2 Re8 13. Qxb5 Ba6 14. Qa4 e5 15. dxe5 Nxe5 16. Nxe5 Rxe5 17. Rxe5 Bxe5 18. Nc3 d4 19. Ne4 Qb6 20. Bh6 Qxb2 21. Re1 Qb5 22. Qa3 Bb7 23. f4 Bg7 24. Bxg7 Kxg7 25. Qd6 Qd5 26. Qf6+ Kg8 27. Qe7 Kg7 28. Re2 Bc6 29. Qf6+ Kg8 30. Qh4 Qd8 31. Nf6+ Kg7 32. Qxh7+ Kxf6 33. g4 Qd5 34. g5+ Kf5 35. Re5+ Kxf4 36. Rxd5 Bxd5 37. Qh4+ Ke5 38. Qg3+ Ke4 39. Kf2 a5 40. Qf3+ Ke5 41. Qf6+ Ke4 42. Kg3 1-0

[Event "Paris-ch"]
[Site "Paris"]
[Date "2004.07.08"]
[Round "6"]
[White "Hinks Edwards, Thomas RJ"]
[Black "Salaun, Yann"]
[Result "1-0"]
[WhiteElo "2366"]
[BlackElo "2336"]
[PlyCount "101"]
[EventDate "2004.07.03"]
[EventType "swiss"]
[EventRounds "9"]
[EventCountry "FRA"]
[SourceTitle "CBM 101 Extra"]
[Source "ChessBase"]
[SourceDate "2004.09.01"]
[SourceVersion "2"]
[SourceVersionDate "2004.09.01"]
[SourceQuality "1"]

1. e4 g6 2. d4 d6 3. Nc3 Nf6 4. Nf3 Bg7 5. Be3 0-0 6. Qd2 d5 7. e5 Ne4 8. Nxe4 dxe4 9. Ng5 c5 10. c3 Qd5 11. b3 cxd4 12. cxd4 b5 13. Rc1 a6 14. Be2 Ra7 15. f3 exf3 16. Bxf3 Qd8 17. 0-0 h6 18. Ne4 Rc7 19. Rxc7 Qxc7 20. Bxh6 Rd8 21. Bxg7 Kxg7 22. Rc1 Qb6 23. Nc5 Nc6 24. Bxc6 Qxc6 25. Qe3 Qd5 26. Rd1 a5 27. Rd2 Bf5 28. Qf4 Bd7 29. Qg5 Re8 30. h4 Bf5 31. h5 Bb1 32. Kf2 Kh7 33. hxg6+ Bxg6 34. Ke3 Kg7 35. Qh4 a4 36. g3 Rh8 37. Qxe7 Rh3 38. Qf6+ Kg8 39. Qf3 Qd8 40. Qg4 Rh1 41. e6 Kh7 42. Rf2 fxe6 43. Nxe6 Qe7 44. d5 Qa7+ 45. Qd4 Qe7 46. Kd2 axb3 47. axb3 Bh5 48. g4 Be8 49. Qe4+ Kg8 50. Rf8+ Qxf8 51. Nxf8 1-0